| 000 | 00565nam a22001697a 4500 | ||
|---|---|---|---|
| 999 |
_c61962 _d61962 |
||
| 005 | 20190515145733.0 | ||
| 008 | 120204t xxu||||| |||| 00| 0 eng d | ||
| 020 | _c100.00 | ||
| 035 | _aB-224006 B-224031, B-224000 | ||
| 040 |
_aDPL _bENG |
||
| 100 |
_aMalhotra, A. M. _940800 |
||
| 245 |
_aCareer's Mental ability tests : _bFor UPSC Civil services' (Prel.) / _cby A.M. Malhotra and P. S. Bright |
||
| 260 |
_aNew Delhi _bBright Publications |
||
| 300 |
_aviii, 168p. _c22 cms. |
||
| 700 |
_aBright, P.S. _940801 |
||
| 942 |
_2ddc _cEN _h000 _mMAL |
||